000 00683nam a22002177a 4500
003 UA-OsUOA
001 116611
007 ta
008 20160324b un ||||| |||| 00| 0 ukr d
100 _aЯцюк Г.В.
090 _a330(477)
_bЯ94
942 _cSA
040 _aUA-OsUOA
_bukr
_cUA-OsUOA
_dUA-OsUOA
245 _aГромадянське суспільство і формування нової парадигми соціально-економічного розвитку в умовах глобалізації
300 _aС.4-10
955 _a0
041 _aukr
080 _a330(477)
773 0 _w116610
650 7 _a330 Економіка взагалі
_2UDC
999 _c402484
_d402484